000 00285nam a22001337a 4500
008 181017b xxu||||| |||| 00| 0 eng d
020 _a0716719401
041 _aeng
080 _a540
100 _a12
101 _aKIM
245 _aGeneral Chemistry
_cAtkins,P.W
942 _2udc
_cBK
999 _c50020
_d50020